Statistics for Top 20 Most Produced Fruits in the World

Click here to take the quiz!

General Stats

  • This quiz has been taken 800 times
  • The average score is 13 of 20

Answer Stats

Metric tons produced in 2012Fruit% Correct
76.38Apple
99%
101.99Banana
96%
62.22Orange
95%
4.52Strawberry
89%
67.07Grape
87%
15.12Lemon/Lime
79%
23.58Pear
79%
21.08Peach
78%
42.14Mango
77%
23.33Pineapple
77%
2.26Cherry
62%
10.7Plum
59%
8.04Grapefruit
51%
3.96Apricot
47%
12.41Papaya
44%
4.36Avocado
43%
7.55Date
39%
27.06Tangerine
34%
37.16Plantain
15%
4.47Persimmon
13%

Score Distribution

Percentile by Number Answered

Percent of People with Each Score

Your Score History

You have not taken this quiz